| 000 | 00650nam a22001817a 4500 | ||
|---|---|---|---|
| 003 | BD-DhUL | ||
| 005 | 20160908162021.0 | ||
| 008 | 160905b1972 bg ||||| |||| 00| 0 ben d | ||
| 040 | _cBD-DhUL | ||
| 082 |
_a954.92 _bATO |
||
| 100 | 1 | _aখান, আতাউর রহমান | |
| 245 |
_aওজারতির দুই বছর / _cআতাউর রহমান খান |
||
| 260 |
_aঢাকা : _bনওরোজ কিতাবিস্তান, _c১৯৭২ |
||
| 300 |
_a৩৩৪ পৃ. : _c২০ সে.মি. |
||
| 650 | 0 | _aবাংলাদেশ-ইতিহাস | |
| 650 | 0 | _aBangladesh-history | |
| 942 |
_2ddc _cBK |
||
| 999 |
_c104874 _d104874 |
||